A la lucha para frenar los precios de los alimentos. Paro 11 de agosto /
Salvato in:
| Enti autori: | , |
|---|---|
| Natura: | testo |
| Pubblicazione: |
San José :
|
| Soggetti: | |
| Tags: |
Aggiungi Tag
Nessun Tag, puoi essere il primo ad aggiungerne!!
|
MARC
| LEADER | 00000 a a2200000 04500 | ||
|---|---|---|---|
| 001 | 18095 | ||
| 003 | |||
| 040 | |||
| 090 | |a 022700 | ||
| 110 | |a Frente Democrático de los Trababajadores (Costa Rica) | ||
| 245 | |a A la lucha para frenar los precios de los alimentos. Paro 11 de agosto / |c Frente Democrático de los Trababajadores (Costa Rica) | ||
| 260 | |a San José : | ||
| 300 | |a 1 p. | ||
| 650 | |a MOVIMIENTOS SOCIALES | ||
| 650 | |a TRABAJADORES | ||
| 650 | |a HUELGAS | ||
| 650 | |a GOBIERNO CENTRAL | ||
| 650 | |a POLITICA DE PRECIOS | ||
| 710 | |a Frente Magisterial (Costa Rica) | ||
| 999 | |c 16370 |d 16370 | ||
